| 000 | 00658nam a2200229Ia 4500 | ||
|---|---|---|---|
| 005 | 20260429112009.0 | ||
| 008 | 260429s9999||||xx |||||||||||||| ||und|| | ||
| 020 | _a9780367701338 | ||
| 041 | _aEnglish | ||
| 082 |
_a370.71 _bCOL |
||
| 100 | _aColmenares, Erica E. | ||
| 245 | 0 |
_aAffect, learning, and teacher education : _bgetting stuck in social justice / _cErica E. Colmenares |
|
| 250 | _a1st ed. | ||
| 260 |
_aNew Delhi : _bRoutledge, _c2025. |
||
| 300 | _axv, 109 p.; hb | ||
| 650 | _a Educational psychology | ||
| 650 | _a Pedagogy | ||
| 650 | _a Social justice | ||
| 650 | _aTeacher education | ||
| 700 | _a Jarvie, Scott | ||
| 942 | _cTB | ||
| 999 |
_c51810 _d51810 |
||